00303nam a2200121Ia 45000030006000000080041000060400015000471000019000622450051000812600020001325460012001520050017001640STCL150530s9999 xx 000 0 und d aSTCLcSTCL aGairdner James aLollardy and the reformation in England vol II bMacmillanc1908 aEnglish20220125171438.0